सामान्य ज्ञान/ (Record no. 203879)
[ view plain ]
| 000 -LEADER | |
|---|---|
| fixed length control field | 00746nam a22001937a 4500 |
| 005 - DATE AND TIME OF LATEST TRANSACTION | |
| control field | 20240703111451.0 |
| 010 ## - LCCN (DPL NO) | |
| LC control number | HIN-127907 |
| 020 ## - INTERNATIONAL STANDARD BOOK NUMBER | |
| Terms of availability | 270.00 |
| International Standard Book Number | 9789384761585 |
| 035 ## - SYSTEM CONTROL NUMBER | |
| System control number | HN-100253 |
| 037 ## - SOURCE OF ACQUISITION | |
| Source of stock number/acquisition | DBAD |
| 082 ## - DEWEY DECIMAL CLASSIFICATION NUMBER | |
| Classification number | 000 |
| 100 ## - MAIN ENTRY--PERSONAL NAME | |
| Personal name | सिंह सुनील कुमार |
| 245 ## - TITLE STATEMENT | |
| Title | सामान्य ज्ञान/ |
| Statement of responsibility, etc | सुनील कुमार सिंह |
| 260 ## - PUBLICATION, DISTRIBUTION, ETC. (IMPRINT) | |
| Place of publication, distribution, etc | बिहार |
| Name of publisher, distributor, etc | लुसेंट पब्लिकेशन |
| Date of publication, distribution, etc | 2023 |
| 270 ## - ADDRESS | |
| Address | न्यू बाईपास रोड , अशोकचक, |
| City | बिहार |
| Postal code | 800030 |
| 300 ## - PHYSICAL DESCRIPTION | |
| Extent | 394पृ. |
| Dimensions | 27 सेमी. (अजिल्द) |
| 700 ## - ADDED ENTRY--PERSONAL NAME | |
| 9 (RLIN) | 67976 |
| 942 ## - ADDED ENTRY ELEMENTS (KOHA) | |
| Source of classification or shelving scheme | Dewey Decimal Classification |
| Item type | Hindi Books |
| Classification part | 000 |
| Call number suffix | सुनील |
| Withdrawn status | Lost status | Not for loan | Collection code | Home library | Current library | Date acquired | Source of acquisition | Cost, normal purchase price | Full call number | Barcode | Copy number | Cost, replacement price | Koha item type |
|---|---|---|---|---|---|---|---|---|---|---|---|---|---|
| Non-fiction | Central Jail Tihar | Central Jail Tihar | 03/07/2024 | DBAD | 270.00 | 000 सुनील | HN-100253 | 1 | 270.00 | Hindi Books |
